<?xml version="1.0" encoding="UTF-8"?>
<collection xmlns="http://www.loc.gov/MARC21/slim">
 <record>
  <leader>03830nam a2200217Ia 4500</leader>
  <controlfield tag="001">CTU_239505</controlfield>
  <controlfield tag="008">210402s9999    xx            000 0 und d</controlfield>
  <datafield tag="082" ind1=" " ind2=" ">
   <subfield code="a">639.311</subfield>
  </datafield>
  <datafield tag="082" ind1=" " ind2=" ">
   <subfield code="b">L103</subfield>
  </datafield>
  <datafield tag="088" ind1=" " ind2=" ">
   <subfield code="a">8620301</subfield>
  </datafield>
  <datafield tag="100" ind1=" " ind2=" ">
   <subfield code="a">Phạm, Thị Cẩm Lài</subfield>
  </datafield>
  <datafield tag="245" ind1=" " ind2="0">
   <subfield code="a">Ảnh hưởng của các chất bổ sung lên độ tiêu hóa, đặc điểm phân thu, tăng trưởng và tỷ lệ sống trong ương cá tra (Pangasianodon hypophthalmus) giai đoạn giống :</subfield>
  </datafield>
  <datafield tag="245" ind1=" " ind2="0">
   <subfield code="b">Luận văn tốt nghiệp cao học ngành. Nuôi trồng Thủy sản</subfield>
  </datafield>
  <datafield tag="245" ind1=" " ind2="0">
   <subfield code="c">Phạm Thị Cẩm Lài ; Phạm Thanh Liêm (cán bộ hướng dẫn)</subfield>
  </datafield>
  <datafield tag="260" ind1=" " ind2=" ">
   <subfield code="a">Cần Thơ</subfield>
  </datafield>
  <datafield tag="260" ind1=" " ind2=" ">
   <subfield code="b">Trường Đại học Cần Thơ</subfield>
  </datafield>
  <datafield tag="260" ind1=" " ind2=" ">
   <subfield code="c">2020</subfield>
  </datafield>
  <datafield tag="520" ind1=" " ind2=" ">
   <subfield code="a">Nghiên cứu được thực hiện nhằm xác định ảnh hưởng của các chất bổ sung chất kết dính Guar gum, Lactobacillus plantarum L-137 và enzyme phytase lên tăng trưởng, hiệu quả sử dụng thức ăn, tỷ lệ sống và một số đặc điểm phân thu cá tra (Pangasianodon hypophthalmus). Cá thí nghiệm có kích cỡ ban đầu 0,32±0,04 g/con. Nghiên cứu được tiến hành với 2 thí nghiệm: (i) Xác định ảnh hưởng của các chất bổ sung vào thức ăn lên tăng trưởng, hiệu quả sử dụng thức ăn, tỷ lệ sống của cá tra giống. (ii) Xác định ảnh hưởng của các chất bổ sung đến đặc điểm phân thu của cá tra. Thí nghiệm 1 được bố trí với 5 nghiệm thức thức ăn: Nghiệm thức 1 (NT1) thức ăn đối chứng (ĐC), NT2: ĐC + Guar gum (GG) 0,5 g/kg, NT3: ĐC + GG 0,5 g/kg + Lactobacillus plantarum L-137 (HK L-137) 0,15 g/kg, NT 4: ĐC + GG 0,5 g/kg + enzyme phytase 2 g/kg, NT5: ĐC + GG 0,5 g/kg + HK L-137 0,15 g/kg + enzyme phytase 2 g/kg), mỗi nghiệm thức được lặp lại 4 lần. Cá được bố trí với mật độ 2 con/L trong bể composite (350 L/bể). Sau 8 tuần thí nghiệm, kết quả cho thấy thức ăn bổ sung enzyme phytase và Lactobacillus plantarum L-137 giúp nâng cao hiệu quả sử dụng thức ăn và tăng trưởng của cá cao hơn có ý nghĩa thống kê (p&lt;0,05) so với nghiệm thức chỉ bổ sung Guar gum, tuy nhiên khác biệt không có ý nghĩa thống kê so với các nghiệm thức khác (p&gt;0,05). Tỷ lệ sống giữa các nghiệm thức khác biệt không có ý nghĩa thống kê (p&gt;0,05). Thí nghiệm 2 được bố trí với 5 nghiệm thức thức ăn giống thí nghiệm 1 nhưng thức ăn được trộn thêm Cr₂O₃, cá từ thí nghiệm 1 của từng nghiệm thức tiếp tục được bố trí lên bể thu phân với mật độ 60 con/bể (170 L/bể). Sau 4 tuần thí nghiệm, kết quả cho thấy độ tiêu hóa thức ăn được cải thiện khi thức ăn bổ sung thêm enzyme phytase và Lactobacillus plantarum L-137 so với nghiệm thức chỉ bổ sung Guar gum. Nghiệm thức bổ sung Guar gum làm tăng độ thu hồi phân, khối lượng phân thất thoát trên 1 kg thức ăn giảm, kích cỡ viên phân lớn hơn so với những nghiệm thức khác.</subfield>
  </datafield>
  <datafield tag="650" ind1=" " ind2=" ">
   <subfield code="a">Cá da trơn,Catfish fisheries</subfield>
  </datafield>
  <datafield tag="910" ind1=" " ind2=" ">
   <subfield code="c">Qhieu</subfield>
  </datafield>
  <datafield tag="980" ind1=" " ind2=" ">
   <subfield code="a">Trung tâm Học liệu Trường Đại học Cần Thơ</subfield>
  </datafield>
 </record>
</collection>
<br />
<b>Notice</b>:  fwrite(): write of 437 bytes failed with errno=28 No space left on device in <b>C:\vufind\module\VuFind\src\VuFind\Session\File.php</b> on line <b>152</b><br />
Cannot write session to C:\Windows\TEMP\vufind_sessions/sess_mbof57r32anprtlseb56svd5vq
<br />
<b>Warning</b>:  session_write_close(): Failed to write session data using user defined save handler. (session.save_path: \xampp\tmp) in <b>C:\vufind\vendor\laminas\laminas-session\src\SessionManager.php</b> on line <b>235</b><br />
